The Ultimate Kdrama Quiz - Statistics

General Stats
  • This quiz has been taken 1,829 times
  • The average score is 17 of 50
Answer Stats
Picture Answer % Correct
squid game
86%
Snowdrop
84%
Vincenzo
84%
All of us are dead
69%
Hospital Playlist
68%
Hotel del Luna
68%
Twenty Five twenty one
68%
Nevertheless
67%
Its okay to not be okay
60%
Start up
56%
Weightlifting fairy Kim Bok-Joo
52%
Love alarm
50%
The uncanny counter
47%
20th century girl
46%
The k2
46%
While you were sleeping
44%
Taxi Driver
42%
DP
40%
Singles Inferno
39%
School 2021
35%
My mister
34%
Run on
34%
Unlocked
34%
I am not a robot
31%
Extra Curricular
28%
Something in the rain
28%
Mr Sunshine
26%
Forecasting love and weather
25%
Love in the moonlight
24%
Physical 100
20%
The producers
19%
Space Sweepers
18%
Connect
16%
Tune in for love
16%
Sweet and sour
15%
Bride of Habaek
14%
One spring night
14%
My first first love
13%
Be my boyfriend
12%
Once upon a small town
12%
The fabulous
12%
Persona
11%
Blackpink light up the sky
8%
Moment of 18
8%
Strongest deliveryman
8%
Little forest
7%
Narcos Saints
7%
Seoul vibe
6%
Piece of your mind
4%
The pirates: the last royal treasure
2%
No matching quizzes found
Score Distribution
Percent of People with Each Score
Percentile by Number Answered
Your Score History
You have not taken this quiz